[Event "Championnat de Paris Open A"]
[Site "Paris"]
[Date "2012.07.13"]
[Round "7.25"]
[White "Castro, John"]
[Black "Poelstra, Ben"]
[Result "1-0"]
[WhiteElo "2183"]
[BlackElo "2041"]
[PlyCount "99"]
[EventDate "2012.??.??"]

1. e4 e5 2. Nc3 Nf6 3. Bc4 Nc6 4. d3 Be7 5. Nge2 O-O 6. O-O Na5 7. Ng3 d6 8.
Bb3 Nxb3 9. axb3 Be6 10. f4 exf4 11. Bxf4 a6 12. Qd2 d5 13. e5 Ne8 14. Rae1 g5
15. Be3 d4 16. Nce4 dxe3 17. Qxe3 f5 18. exf6 Bxf6 19. Nxf6+ Rxf6 20. Rxf6 Qxf6
21. Qxe6+ Qxe6 22. Rxe6 Kf7 23. Re5 h6 24. Nf5 h5 25. Ng3 Kg6 26. Ne4 g4 27.
Rg5+ Kh6 28. Rg8 Rc8 29. Rh8+ Kg6 30. Nc5 Nd6 31. Rxc8 Nxc8 32. Nxb7 Nb6 33.
Nc5 a5 34. Kf2 Nd5 35. c3 Kf5 36. g3 Nb6 37. c4 Ke5 38. Ke3 c6 39. d4+ Kf5 40.
Kd3 Nc8 41. Nb7 Ne7 42. Nxa5 h4 43. Ke3 Kg5 44. Kf2 h3 45. b4 Kf5 46. b5 cxb5
47. cxb5 Ke6 48. b6 Kd6 49. b7 Kc7 50. Ke3 1-0

[Event "Championnat de Paris Open A"]
[Site "Paris"]
[Date "2012.07.13"]
[Round "7.27"]
[White "Yacob, Francois"]
[Black "Ainutdinova, Yekaterina"]
[Result "1-0"]
[WhiteElo "2145"]
[BlackElo "2036"]
[PlyCount "177"]
[EventDate "2012.??.??"]

1. e4 e5 2. Nf3 Nc6 3. Bb5 a6 4. Ba4 Nf6 5. O-O Be7 6. Re1 b5 7. Bb3 d6 8. c3
O-O 9. h3 Re8 10. Ng5 Rf8 11. d4 Bb7 12. a4 h6 13. Nf3 Re8 14. Na3 Bf8 15. d5
Nb8 16. Nc2 Nbd7 17. Nb4 Nc5 18. Bc2 a5 19. Na2 bxa4 20. c4 Ba6 21. Nd2 Nfd7
22. Bxa4 Nxa4 23. Qxa4 Nb6 24. Qc2 c6 25. b4 cxd5 26. b5 Bb7 27. cxd5 f5 28. f3
Qh4 29. Ba3 Rec8 30. Qd3 f4 31. Rec1 Be7 32. Qe2 Qf6 33. Rxc8+ Bxc8 34. Nc4 Bd8
35. Nxd6 Bd7 36. Nb7 Be7 37. d6 Bf8 38. Rc1 Rc8 39. Rc7 Rb8 40. Nxa5 Ra8 41.
Qd2 Be6 42. Bb4 Bf7 43. Rc6 Qd8 44. Nc1 Nc8 45. Nb7 Qd7 46. Nc5 Qa7 47. Ra6 Qb8
48. Rxa8 Qxa8 49. d7 Nd6 50. b6 Qb8 51. Ba5 Be7 52. Na6 Qa8 53. Nc7 Qc6 54. Nd5
Bd8 55. Qc3 Bxd5 56. exd5 Qxc3 57. Bxc3 Bxb6+ 58. Kf1 Nc4 59. Nd3 Ne3+ 60. Ke2
Nxd5 61. Bxe5 Kf7 62. Bxf4 Ke6 63. Be5 Nf6 64. Bxf6 gxf6 65. Nf4+ Kxd7 66. Kd3
Ke8 67. Ke4 Kf7 68. Kf5 Bd4 69. Nd3 Bc3 70. h4 Bd4 71. h5 Be3 72. Nf4 Bc5 73.
Nd5 Bd4 74. Ke4 Bc5 75. Ne3 Kg7 76. Ng4 Bb4 77. Kf5 Bc3 78. Ke6 Bd4 79. Nh2 Be5
80. Nf1 Bf4 81. Ke7 Bc1 82. Ng3 Bb2 83. Nf5+ Kh7 84. Kf7 Be5 85. Ne7 Bc3 86.
Nd5 Bb2 87. Nxf6+ Kh8 88. Kg6 Bc3 89. Ng4 1-0

[Event "Championnat de Paris Open A"]
[Site "Paris"]
[Date "2012.07.13"]
[Round "7.28"]
[White "Fournier, Dimitri"]
[Black "Quach, Charlie"]
[Result "1/2-1/2"]
[WhiteElo "1995"]
[BlackElo "2141"]
[PlyCount "51"]
[EventDate "2012.??.??"]

1. e4 c5 2. Nc3 e6 3. g3 d5 4. exd5 exd5 5. Bg2 Nf6 6. Nge2 d4 7. Ne4 Nxe4 8.
Bxe4 Nd7 9. O-O Nf6 10. Bg2 Bd6 11. d3 O-O 12. Nf4 Qc7 13. Nd5 Nxd5 14. Bxd5
Bh3 15. Re1 Rae8 16. Bd2 Rxe1+ 17. Qxe1 Qd7 18. Qe4 Re8 19. Qf3 Re7 20. Re1
Rxe1+ 21. Bxe1 b6 22. Bd2 Bf8 23. Bc6 Qe6 24. Bd5 Qd7 25. Bc6 Qe6 26. Bd5
1/2-1/2

[Event "Championnat de Paris Open A"]
[Site "Paris"]
[Date "2012.07.13"]
[Round "7.29"]
[White "Partac, Elena"]
[Black "Daubas, Christophe"]
[Result "1-0"]
[WhiteElo "2129"]
[BlackElo "2023"]
[PlyCount "93"]
[EventDate "2012.??.??"]

1. e4 e5 2. Nf3 Nc6 3. Bb5 a6 4. Ba4 Nf6 5. Qe2 Bc5 6. c3 O-O 7. Bxc6 bxc6 8.
Nxe5 Re8 9. d4 d6 10. f3 dxe5 11. dxc5 a5 12. Be3 Ba6 13. c4 Nh5 14. O-O Nf4
15. Bxf4 exf4 16. Rd1 Qg5 17. b3 Qxc5+ 18. Qf2 Qe5 19. Qd4 Qg5 20. Nc3 h6 21.
Na4 Rad8 22. Qc5 Qxc5+ 23. Nxc5 Bc8 24. Nd3 g5 25. Ne5 Bb7 26. Nd7 Kg7 27. Rd3
Bc8 28. Rad1 Re7 29. Nb8 Rxd3 30. Rxd3 a4 31. Nxc6 Rd7 32. Rxd7 Bxd7 33. Nb8
axb3 34. axb3 Bc8 35. b4 Kf6 {=} 36. b5 Ke6 37. c5 f5 38. exf5+ Kxf5 39. b6
cxb6 40. cxb6 Ke6 {=} 41. Nc6 Kd6 42. Nd8 Ba6 43. Nf7+ Kc6 44. Nxh6 Bc4 45. Ng4
Kxb6 46. Nf6 Bd3 47. Ne4 1-0

[Event "Championnat de Paris Open A"]
[Site "Paris"]
[Date "2012.07.13"]
[Round "7.30"]
[White "Anes, Emmanuel"]
[Black "Zeller, Olivier"]
[Result "1-0"]
[WhiteElo "2125"]
[BlackElo "2013"]
[PlyCount "89"]
[EventDate "2012.??.??"]

1. d4 Nf6 2. Nc3 g6 3. e4 d6 4. f3 c6 5. Be3 b5 6. Qd2 Bg7 7. g4 Qa5 8. g5 Nfd7
9. f4 Bb7 10. Bg2 Nb6 11. b3 b4 12. Nd1 c5 13. c3 bxc3 14. Nxc3 N8d7 15. Nge2
Rc8 16. Rc1 O-O 17. O-O Rfe8 18. Bh3 cxd4 19. Nxd4 Ba6 20. Rfd1 Rc7 21. Ncb5
Qxd2 22. Bxd2 Rxc1 23. Rxc1 Nc5 24. Be3 Nxe4 25. Nc7 Bc8 26. Bg2 e5 27. Nxe8
exd4 28. Bxe4 dxe3 29. Nxd6 Ba6 30. Nc4 Bd4 31. Kf1 Nd7 32. Ke2 Nc5 33. Kf3 Ne6
34. Nxe3 Bb6 35. Nc2 Bc7 36. Rd1 Bxf4 37. h4 Be5 38. Rd7 Bb8 39. Bd5 Be5 40.
Bxe6 fxe6 41. Rxa7 Bd3 42. Ne3 Bd4 43. Rd7 e5 44. Ng4 Bf5 45. Nh6+ 1-0

[Event "Championnat de Paris Open A"]
[Site "Paris"]
[Date "2012.07.13"]
[Round "7.38"]
[White "Mirimanian, Haik"]
[Black "Larramendy, Pierre"]
[Result "1-0"]
[WhiteElo "2048"]
[BlackElo "1893"]
[PlyCount "43"]
[EventDate "2012.??.??"]

1. e4 e5 2. Nc3 Nf6 3. g3 Bc5 4. Bg2 a6 5. Nge2 Nc6 6. O-O O-O 7. d3 d6 8. h3
b5 9. a3 Rb8 10. Kh2 a5 11. f4 h6 12. f5 Kh7 13. g4 Bd7 14. Ng3 g5 15. fxg6+
fxg6 16. g5 hxg5 17. Bxg5 Be6 18. Rxf6 Rxf6 19. Nd5 Bxd5 20. exd5 Nd4 21. Ne4
Qf8 22. Nxf6+ 1-0

[Event "Championnat de Paris Open A"]
[Site "Paris"]
[Date "2012.07.13"]
[Round "7.93"]
[White "Dag, Bekhir"]
[Black "Komons, Christian"]
[Result "0-1"]
[WhiteElo "1886"]
[BlackElo "1846"]
[PlyCount "58"]
[EventDate "2012.??.??"]

1. Nf3 g6 2. d4 Bg7 3. c4 d6 4. Nc3 Nf6 5. Bg5 c6 6. e3 Qa5 7. Bxf6 Bxf6 8. Bd3
Nd7 9. O-O O-O 10. Qc2 Qh5 11. Ne4 Bg7 12. Ng3 Qh6 13. Rab1 Nf6 14. e4 Bg4 15.
e5 Nh5 16. Nxh5 Qxh5 17. exd6 Bxf3 18. Be4 Bxe4 19. Qxe4 exd6 20. Rfe1 Rfe8 21.
Qf4 Rxe1+ 22. Rxe1 c5 23. g4 g5 24. Qe4 Qh4 25. Re3 Bxd4 26. Rf3 Be5 27. Qf5
Qxh2+ 28. Kf1 Qh1+ 29. Ke2 Bf4 0-1

[Event "Championnat de Paris Open A"]
[Site "Paris"]
[Date "2012.07.14"]
[Round "8.1"]
[White "Ustianovich, Nazar"]
[Black "Larrat, Philippe"]
[Result "1-0"]
[WhiteElo "2197"]
[BlackElo "2230"]
[PlyCount "85"]

1. Nf3 g6 2. c4 Nf6 3. Nc3 d5 4. Qa4+ Bd7 5. Qb3 dxc4 6. Qxc4 a6 7. Ng5 e6 8.
d4 b5 9. Qb3 c5 10. dxc5 Bc6 11. Be3 Bg7 12. Rd1 Qe7 13. Nf3 Qc7 14. Nd4 Bd7
15. f3 O-O 16. Bf2 e5 17. Nc2 e4 18. Nb4 Nc6 19. fxe4 Nxb4 20. Qxb4 a5 21. Qb3
Bc6 22. Nd5 Qe5 23. Bd4 Bxd5 24. exd5 Qg5 25. Qg3 Qxg3+ 26. hxg3 Ne4 27. Bxg7
Kxg7 28. c6 Rac8 29. e3 Rfe8 30. Bxb5 Nd6 31. Be2 Rxe3 32. Kf2 Re5 33. Bf3 Rb8
34. b3 a4 35. Rb1 axb3 36. axb3 f5 37. Rbe1 Kf6 38. Rxe5 Kxe5 39. Rxh7 Ne4+ 40.
Bxe4 fxe4 41. c7 Rf8+ 42. Ke3 Kxd5 43. Rd7+ 1-0

[Event "Championnat de Paris Open A"]
[Site "Paris"]
[Date "2012.07.14"]
[Round "8.2"]
[White "Hanchour, Baroudi"]
[Black "Ribeiro, Romain"]
[Result "1-0"]
[WhiteElo "2180"]
[BlackElo "2204"]
[PlyCount "91"]

1. e4 c5 2. Nf3 e6 3. Nc3 a6 4. g3 b5 5. Bg2 Bb7 6. d3 Nf6 7. O-O Nc6 8. h3 Be7
9. e5 Nd5 10. Nxd5 exd5 11. Re1 d4 12. Nh2 Qc7 13. f4 Nb4 14. Bxb7 Qxb7 15. Ng4
Nd5 16. Qf3 O-O-O 17. Bd2 Rdg8 18. f5 g6 19. f6 Bd8 20. Bh6 Ba5 21. Re2 Rd8 22.
Bg7 Rhe8 23. Nh6 Rf8 24. h4 Ne3 25. Qxb7+ Kxb7 26. Bxf8 Rxf8 27. Kf2 Bc7 28.
Kf3 Bxe5 29. Ng4 Nxg4 30. Kxg4 Bxf6 31. Rae1 Bg7 32. Re8 Kc7 33. Rxf8 Bxf8 34.
Re8 Bd6 35. Rh8 h5+ 36. Kh3 a5 37. Rh7 Be5 38. Rxf7 Kd6 39. Rf8 Ke7 40. Ra8 Bc7
41. Rg8 Kf6 42. Rc8 Bd6 43. Ra8 Kf5 44. Rxa5 b4 45. a4 Be7 46. Rb5 1-0

[Event "Championnat de Paris Open A"]
[Site "Paris"]
[Date "2012.07.14"]
[Round "8.3"]
[White "Sochacki, Wojtek"]
[Black "Baron, Thierry"]
[Result "1-0"]
[WhiteElo "2263"]
[BlackElo "2274"]
[PlyCount "117"]

1. e4 e5 2. Nf3 Nc6 3. d4 exd4 4. Nxd4 Bc5 5. Nxc6 Qf6 6. Qf3 Qxf3 7. gxf3 bxc6
8. Nd2 Bd4 9. c3 Bf6 10. Nc4 d6 11. Be3 Ne7 12. O-O-O Be6 13. Kb1 O-O 14. f4
Bg4 15. e5 Bxd1 16. exf6 Nd5 17. fxg7 Kxg7 18. Rg1+ Kh8 19. Bd4+ f6 20. Bg2 Bg4
21. Ne3 Be6 22. Bxd5 cxd5 23. f5 c5 24. fxe6 cxd4 25. Nf5 Rfe8 26. Nxd6 Re7 27.
Nf7+ Rxf7 28. exf7 dxc3 29. bxc3 Rf8 30. Kc2 Rxf7 31. Kd3 Re7 32. Kd4 Re5 33.
f4 Rf5 34. Rg2 a5 35. Kc5 Rxf4 36. Kxd5 Rf5+ 37. Ke4 Rf1 38. c4 f5+ 39. Ke5 Rc1
40. Kd5 Rd1+ 41. Kc6 f4 42. Rf2 Rd4 43. Kc5 Re4 44. Kd5 Re3 45. Rxf4 Rd3+ 46.
Rd4 Rh3 47. Rd2 Kg7 48. Rf2 Rd3+ 49. Kc6 a4 50. Kb5 Rc3 51. Kb4 Rc1 52. h4 Rb1+
53. Kxa4 Rb8 54. c5 Ra8+ 55. Kb5 Rb8+ 56. Ka6 Rb4 57. c6 Rxh4 58. Rc2 Ra4+ 59.
Kb5 1-0

[Event "Championnat de Paris Open A"]
[Site "Paris"]
[Date "2012.07.14"]
[Round "8.4"]
[White "Kouptsov, Vladimir"]
[Black "Maisuradze, Nino"]
[Result "0-1"]
[WhiteElo "2188"]
[BlackElo "2268"]
[PlyCount "108"]

1. e4 c5 2. Nf3 Nc6 3. Bb5 g6 4. O-O Bg7 5. c3 Nf6 6. Re1 a6 7. Ba4 O-O 8. d4
cxd4 9. cxd4 d5 10. e5 Ne4 11. Nbd2 b5 12. Bc2 Nxd2 13. Bxd2 Bg4 14. Be3 f6 15.
Bb3 fxe5 16. dxe5 e6 17. Qc1 Rc8 18. Bg5 Qb6 19. Qe3 Qxe3 20. Rxe3 Bxf3 21.
gxf3 h6 22. Bh4 Nd4 23. Be7 Rxf3 24. Bd6 Rxe3 25. fxe3 Nf3+ 26. Kg2 Bxe5 27.
Bb4 Ng5 28. a4 Bxb2 29. Ra2 Bc1 30. axb5 axb5 31. Ra6 Kf7 32. Kf2 Ne4+ 33. Ke2
Bb2 34. Ra7+ Kf6 35. h4 Ng3+ 36. Kd2 Ne4+ 37. Ke2 g5 38. Rh7 Kg6 39. Re7 Rc6
40. hxg5 hxg5 41. Kf3 Bc3 42. Bxc3 Nxc3 43. Rb7 Ne4 44. Bd1 Kf6 45. Be2 Rc2 46.
Bxb5 Nd6 47. Rb6 Nxb5 48. Rxb5 Rc3 49. Rb4 Kf5 50. Ke2 Rc4 51. Rb8 Ke4 52. Rb2
g4 53. Kf2 e5 54. Re2 Rc3 0-1

[Event "Championnat de Paris Open A"]
[Site "Paris"]
[Date "2012.07.14"]
[Round "8.5"]
[White "Rene, Benoit"]
[Black "Gervasio, Ricardo"]
[Result "1/2-1/2"]
[WhiteElo "2262"]
[BlackElo "2267"]
[PlyCount "51"]

1. g3 e5 2. c4 Bc5 3. Bg2 Nf6 4. Nc3 O-O 5. e3 Re8 6. Nge2 e4 7. O-O Nc6 8. d3
exd3 9. Nf4 d6 10. Nxd3 Bb6 11. Na4 Bg4 12. f3 Bf5 13. Nxb6 axb6 14. e4 Bd7 15.
b3 Ne5 16. Nxe5 dxe5 17. Rf2 Qe7 18. a4 Rad8 19. Ba3 c5 20. Rd2 Bc6 21. Raa2
Nd7 22. Bh3 Nf8 23. Rxd8 Rxd8 24. Rd2 Rxd2 25. Qxd2 Qc7 26. a5 {=} 1/2-1/2

[Event "Championnat de Paris Open A"]
[Site "Paris"]
[Date "2012.07.14"]
[Round "8.6"]
[White "Toulzac, Pierre-Yves"]
[Black "Bouton, Christophe"]
[Result "1-0"]
[WhiteElo "2273"]
[BlackElo "2092"]
[PlyCount "81"]

1. d4 Nf6 2. Bg5 e6 3. e4 h6 4. Bxf6 Qxf6 5. Nc3 d6 6. Qd2 a6 7. O-O-O Qd8 8.
f4 Be7 9. h4 d5 10. g4 dxe4 11. Qe2 Bd6 12. Nh3 Qe7 13. Nxe4 Nc6 14. c4 f5 15.
Nef2 fxg4 16. Qxg4 O-O 17. c5 Bxc5 18. dxc5 Qxc5+ 19. Kb1 e5 20. Qe2 Bf5+ 21.
Ne4 Nd4 22. Qc4+ Qxc4 23. Bxc4+ Kh8 24. Bd3 Bxh3 25. Rxh3 Rxf4 26. Nc5 b5 27.
Bg6 a5 28. Nd7 Nf3 29. Rxf3 Rxf3 30. Be4 Raf8 31. Nxf8 Rxf8 32. Bg6 h5 33. Rd5
Kg8 34. Rxb5 Rf6 35. Bxh5 g6 36. Be2 e4 37. Rxa5 Rf4 38. h5 Kg7 39. hxg6 Kxg6
40. Kc2 Rf6 41. Kd2 1-0

[Event "Championnat de Paris Open A"]
[Site "Paris"]
[Date "2012.07.14"]
[Round "8.7"]
[White "Ternault, Mathieu"]
[Black "Rabineau, Clement"]
[Result "1/2-1/2"]
[WhiteElo "2130"]
[BlackElo "2270"]
[PlyCount "99"]

1. d4 d6 2. c4 g6 3. Nc3 Bg7 4. Nf3 c5 5. d5 Bxc3+ 6. bxc3 f5 7. h4 Nf6 8. Qc2
Qa5 9. Bd2 Nbd7 10. e4 fxe4 11. Ng5 Ne5 12. Nxe4 Nxe4 13. Qxe4 Bf5 14. Qe3 Qa4
15. h5 Nxc4 16. Qf4 b5 17. Bxc4 Qxc4 18. Qxc4 bxc4 19. Rh4 Bd3 20. hxg6 Bxg6
21. Bg5 Bd3 22. Kd2 Rg8 23. f4 Rb8 24. Re1 Rb2+ 25. Ke3 Rxa2 26. Kf3 Rxg5 27.
fxg5 a5 28. Rhh1 Rc2 29. Rc1 Rb2 30. Ra1 Rb5 31. Ra2 Kf7 32. Rha1 Rb3 33. Rc1
Rb5 34. Rca1 Rb3 35. Rc1 e6 36. dxe6+ Kxe6 37. Rxa5 Ke5 38. Ra7 d5 39. Re7+ Kd6
40. Re8 Be4+ 41. Rxe4 dxe4+ 42. Kxe4 Ke6 43. g4 Ra3 44. Rc2 Rb3 45. Rc1 {=} Rb2
46. Rh1 Re2+ 47. Kf4 Rc2 48. Rxh7 Rxc3 49. g6 Kf6 50. Rc7 1/2-1/2

[Event "Championnat de Paris Open A"]
[Site "Paris"]
[Date "2012.07.14"]
[Round "8.8"]
[White "Marek, Yves"]
[Black "Manoeuvre, Antoine"]
[Result "0-1"]
[WhiteElo "2070"]
[BlackElo "2247"]
[PlyCount "62"]

1. d4 Nf6 2. Bg5 c5 3. Bxf6 gxf6 4. c3 Qb6 5. Qd2 Bh6 6. e3 d5 7. Nf3 Nc6 8. g3
e5 9. dxc5 Qxc5 10. Na3 Bf5 11. Bg2 O-O-O 12. Rc1 Kb8 13. O-O Be4 14. Qe2 Qb6
15. Rcd1 Rhe8 16. Nd2 Bg6 17. Nb3 d4 18. e4 Bf8 19. Nc2 f5 20. Rfe1 a5 21. exf5
Bxf5 22. Ncxd4 exd4 23. Qxe8 Rxe8 24. Rxe8+ Ka7 25. Rxf8 Bc2 26. Rd2 d3 27.
Bxc6 (27. Rxf7 $8) 27... Qxc6 28. Rxf7 Qe4 29. Rd7 a4 30. Rd4 Qe1+ 31. Kg2 axb3
0-1

[Event "Championnat de Paris Open A"]
[Site "Paris"]
[Date "2012.07.14"]
[Round "8.9"]
[White "Pozdnjakov, Viatcheslav"]
[Black "Eden, James"]
[Result "1-0"]
[WhiteElo "2242"]
[BlackElo "2129"]
[PlyCount "101"]

1. d4 Nf6 2. Nf3 g6 3. c4 Bg7 4. Nc3 O-O 5. e4 d6 6. Be2 e5 7. O-O Nc6 8. d5
Ne7 9. Ne1 Nd7 10. Be3 f5 11. f3 f4 12. Bf2 g5 13. Nb5 b6 14. b4 a6 15. Na3 Ng6
16. c5 Rf7 17. cxd6 cxd6 18. Qa4 Bf8 19. Nd3 h5 20. Rfc1 Rg7 21. Qc6 Rb8 22.
Qc7 Qf6 23. Bxb6 Rxb6 24. Qxc8 g4 25. fxg4 Nh4 26. Nf2 f3 27. Bxf3 Nxf3+ 28.
gxf3 hxg4 29. fxg4 Rxb4 30. Qc3 Ra4 31. Rf1 Qf4 32. Nc4 Rxg4+ 33. Nxg4 Qxg4+
34. Qg3 Qxg3+ 35. hxg3 Rxc4 36. Rac1 Rxc1 37. Rxc1 Nc5 38. Rc4 Bh6 39. Kf2 a5
40. Kf3 Bd2 41. Kg4 a4 42. Kf5 Kf7 43. g4 a3 44. g5 Ba5 45. Rc2 Kg7 46. g6 Bb4
47. Rh2 Kg8 48. Rh7 Bd2 49. Ra7 Bb4 50. g7 Kh7 51. Kf6 1-0

[Event "Championnat de Paris Open A"]
[Site "Paris"]
[Date "2012.07.14"]
[Round "8.10"]
[White "Martin, Axel"]
[Black "Fedoryshyn, Ievgenii"]
[Result "0-1"]
[WhiteElo "2066"]
[BlackElo "2188"]
[PlyCount "72"]

1. e4 c6 2. d4 d5 3. Nc3 g6 4. Bf4 Bg7 5. Nf3 Bg4 6. exd5 cxd5 7. Nb5 Na6 8.
Qe2 Kf8 9. h3 Bd7 10. Ne5 h5 11. c3 Bh6 12. Bxh6+ Nxh6 13. Qf3 Bf5 14. g4 Be4
15. Qf4 Bxh1 16. Nxg6+ Kg7 17. Nxh8 f6 18. f3 hxg4 19. Ng6 Kxg6 20. Bd3+ Kg7
21. hxg4 Nf7 22. O-O-O Qh8 23. Re1 Re8 24. Qf5 Qh6+ 25. Kc2 e6 26. Rxe6 Rxe6
27. Qxe6 Bxf3 28. Qe7 Qh2+ 29. Kb3 Qf4 30. Qxb7 Bd1+ 31. Ka3 Nc5 32. Qc7 Nxd3
33. Qb7 Qh2 34. Nc7 Qd6+ 35. b4 Qh2 36. Ne6+ Kh6 0-1

[Event "Championnat de Paris Open A"]
[Site "Paris"]
[Date "2012.07.14"]
[Round "8.11"]
[White "Lebrun, Xavier"]
[Black "Pruvot, Louis"]
[Result "1/2-1/2"]
[WhiteElo "2172"]
[BlackElo "2100"]
[PlyCount "117"]

1. e4 c5 2. Nf3 d6 3. Bb5+ Bd7 4. a4 a6 5. Bxd7+ Qxd7 6. a5 Nc6 7. d3 e6 8.
Nbd2 Be7 9. Nc4 Bd8 10. O-O Nge7 11. b4 Nxb4 12. d4 Nc8 13. c3 Nc6 14. d5 exd5
15. exd5 N6e7 16. Ne3 b5 17. axb6 Nxb6 18. c4 O-O 19. Qc2 Ng6 20. Bb2 f6 21. h3
Nc8 22. Ra3 Nce7 23. Rfa1 Qb7 24. Bc3 Ne5 25. Nd2 Nd7 26. Ne4 Bc7 27. Qa2 Nb8
28. g4 Qc8 29. Ng3 Qe8 30. Qb2 Ra7 31. Re1 Qf7 32. Nef5 Nxf5 33. Nxf5 Re8 34.
Raa1 Re5 35. Rxe5 fxe5 36. f4 Nd7 37. fxe5 Nxe5 38. Bxe5 dxe5 39. d6 Bd8 40.
Qb8 Rd7 41. Rf1 Qe8 42. Qa8 g6 43. Qd5+ Kh8 44. Ne7 Bxe7 45. Qxe5+ Kg8 46. Qe6+
Kg7 47. Qe5+ Kg8 48. Rf6 a5 49. Re6 Kf7 50. dxe7 Kg8 51. Qxc5 a4 52. Qe5 a3 53.
Ra6 Rxe7 54. Qd5+ Kg7 55. Qd4+ Kg8 56. Qd5+ Kg7 57. Qd4+ Kg8 58. Qd5+ Kg7 59.
Qd4+ 1/2-1/2

[Event "Championnat de Paris Open A"]
[Site "Paris"]
[Date "2012.07.14"]
[Round "8.12"]
[White "Mezioud, Rimel"]
[Black "Louis, Thibault"]
[Result "0-1"]
[WhiteElo "2034"]
[BlackElo "2151"]
[PlyCount "110"]

1. e4 e6 2. d3 b5 3. Nd2 Bb7 4. Ngf3 Nf6 5. g3 d6 6. Bg2 Nbd7 7. O-O Be7 8. Re1
O-O 9. Nf1 c5 10. Qe2 Qc7 11. Bf4 Rfc8 12. Rac1 a5 13. b3 Ne5 14. c3 c4 15.
Nxe5 dxe5 16. Bd2 Rd8 17. dxc4 bxc4 18. Bg5 Ba6 19. Qb2 Rab8 20. Bxf6 Bxf6 21.
Ne3 Bg5 22. Bf1 Qb6 23. Rb1 cxb3 24. Bxa6 Bxe3 25. fxe3 Qxa6 26. axb3 Qd3 27.
b4 Qxe4 28. b5 g6 29. b6 Rd6 30. c4 Rc6 31. b7 Rc7 32. Qg2 Qxg2+ 33. Kxg2 Rcxb7
34. Rxb7 Rxb7 35. Ra1 Ra7 36. Kf3 f5 37. Rd1 a4 38. c5 Kf7 39. Ke2 a3 40. Ra1
e4 41. Ra2 Ra5 42. Kd2 Kf6 43. c6 Rd5+ 44. Kc2 Rc5+ 45. Kd2 Rxc6 46. Rxa3 Rb6
47. Kc2 Rd6 48. h3 Rd3 49. Rxd3 exd3+ 50. Kxd3 Ke5 51. h4 h6 52. Ke2 Ke4 53.
Kf2 g5 54. hxg5 hxg5 55. Ke2 g4 0-1

[Event "Championnat de Paris Open A"]
[Site "Paris"]
[Date "2012.07.14"]
[Round "8.13"]
[White "Derieux, Christian"]
[Black "Rakem, Zine-Eddine"]
[Result "1-0"]
[WhiteElo "2027"]
[BlackElo "2139"]
[PlyCount "79"]

1. d4 Nf6 2. c4 g6 3. Nc3 Bg7 4. e4 O-O 5. Nge2 d6 6. Ng3 c5 7. d5 e6 8. Bd3
exd5 9. cxd5 a6 10. a4 Ng4 11. h3 Ne5 12. Bc2 Qh4 13. O-O Bxh3 14. gxh3 Qxh3
15. Bf4 Ng4 16. Nge2 Be5 17. Qd3 Qh5 18. Qg3 f6 19. Qg2 g5 20. Bxe5 Nxe5 21.
Nf4 Qg4 22. Qxg4 Nxg4 23. Ne6 Rf7 24. Bd1 Ne5 25. Bh5 Re7 26. Nd1 Nd3 27. Ra3
Rxe6 28. Rxd3 Rxe4 29. Re3 Re5 30. Bg4 Kf7 31. Rxe5 dxe5 32. a5 Ra7 33. Re1 Kg7
34. Ne3 b5 35. axb6 Rb7 36. Nc4 Nd7 37. Bxd7 Rxd7 38. Na5 Kf8 39. b7 Ke8 40.
b8=Q+ 1-0

[Event "Championnat de Paris Open A"]
[Site "Paris"]
[Date "2012.07.14"]
[Round "8.14"]
[White "Lambert, Romain"]
[Black "Gailliegue, Florian"]
[Result "0-1"]
[WhiteElo "2138"]
[BlackElo "1984"]
[PlyCount "68"]

1. d4 d6 2. e4 e5 3. d5 f5 4. c4 fxe4 5. Nc3 Nf6 6. Nge2 Bf5 7. Ng3 Bg6 8. Be2
Nbd7 9. Bg5 Be7 10. Qd2 O-O 11. h4 h6 12. h5 Bh7 13. Bxf6 Nxf6 14. Qe3 c6 15.
Rd1 Nxd5 16. Nxd5 cxd5 17. Rxd5 Bg5 18. Qb3 e3 19. O-O exf2+ 20. Rxf2 Rxf2 21.
Kxf2 Qf6+ 22. Qf3 Rf8 23. Kg1 Bh4 24. Qxf6 Rxf6 25. Nf1 Be4 26. Rd2 Be1 27. Rd1
Bf2+ 28. Kh2 Bd4 29. Nd2 Bc6 30. Nf3 Bxb2 31. c5 Ba3 32. Bc4+ Kf8 33. Nh4 Bxc5
34. Ng6+ Ke8 0-1

[Event "Championnat de Paris Open A"]
[Site "Paris"]
[Date "2012.07.14"]
[Round "8.15"]
[White "Gautier, Serge"]
[Black "Le Fournier, Bastien"]
[Result "1-0"]
[WhiteElo "2134"]
[BlackElo "1932"]
[PlyCount "79"]

1. e4 c5 2. Nf3 d6 3. d4 cxd4 4. Nxd4 Nf6 5. Nc3 g6 6. Be3 Bg7 7. f3 O-O 8. Qd2
Nc6 9. g4 Bd7 10. h4 Rc8 11. h5 Ne5 12. hxg6 fxg6 13. Bh6 Rf7 14. Bxg7 Rxg7 15.
O-O-O Qa5 16. Kb1 Rf7 17. Be2 a6 18. Nb3 Qc7 19. g5 Nh5 20. Nd5 Qd8 21. Rxh5
gxh5 22. f4 Nc4 23. Qd4 e5 24. Qg1 exf4 25. Bxh5 Rg7 26. Nf6+ Kh8 27. Be2 Rc7
28. Qd4 b5 29. Rh1 Ne5 30. Qxd6 Nf7 31. Qxf4 Qc8 32. Bd3 Bh3 33. Rxh3 Nxg5 34.
Rh1 Rcf7 35. e5 Qc6 36. Rf1 Ne6 37. Qh2 Rg2 38. Qh6 Nd4 39. Nxd4 Qc5 40. Bxh7
1-0

[Event "Championnat de Paris Open A"]
[Site "Paris"]
[Date "2012.07.14"]
[Round "8.17"]
[White "Carre, Sylvain"]
[Black "Mirimanian, Haik"]
[Result "1-0"]
[WhiteElo "2150"]
[BlackElo "2048"]
[PlyCount "63"]

1. d4 d6 2. Bf4 g6 3. e3 Bg7 4. Nf3 Nd7 5. Bg3 e5 6. dxe5 dxe5 7. Bc4 Ne7 8.
Bxf7+ Kxf7 9. Ng5+ Kf6 10. Bh4 Qg8 11. Qf3+ Nf5 12. g4 h6 13. Ne4+ Ke6 14.
gxf5+ gxf5 15. Ng3 Qf8 16. e4 Qb4+ 17. Nc3 f4 18. O-O-O c6 19. Qg4+ Kf7 20.
Rxd7+ Bxd7 21. Qxd7+ Kg8 22. Nh5 Qf8 23. Rg1 Rh7 24. Bf6 (24. Nf6+ $1) 24...
Qf7 25. Qxf7+ Kxf7 26. Bxg7 Rg8 27. f3 Ke6 28. Ne2 b6 29. Rg6+ Kf7 30. Rxc6
Rgxg7 31. Nxg7 Rxg7 32. Rc7+ 1-0

[Event "Championnat de Paris Open A"]
[Site "Paris"]
[Date "2012.07.14"]
[Round "8.18"]
[White "Masset, Jacques"]
[Black "Yacob, Francois"]
[Result "0-1"]
[WhiteElo "2031"]
[BlackElo "2145"]
[PlyCount "48"]

1. e4 c5 2. Nf3 e6 3. c3 Nf6 4. e5 Nd5 5. c4 Nc7 6. b3 d5 7. exd6 Bxd6 8. Bb2
O-O 9. Bd3 e5 10. O-O Nc6 11. Be4 Nd4 12. Nxd4 exd4 13. d3 f5 14. Bf3 Ne6 15.
Re1 Kh8 16. b4 cxb4 17. a3 Rb8 18. axb4 Bxb4 19. Re5 Qf6 20. Rb5 a5 21. Ba3 Ng5
22. Bxb4 axb4 23. Rxb4 Nxf3+ 24. Qxf3 Qe7 0-1

[Event "Championnat de Paris Open A"]
[Site "Paris"]
[Date "2012.07.14"]
[Round "8.19"]
[White "Mathieu, Romaric"]
[Black "Partac, Elena"]
[Result "0-1"]
[WhiteElo "1997"]
[BlackElo "2129"]
[PlyCount "92"]

1. c4 e5 2. Nc3 Nc6 3. g3 g6 4. Bg2 Bg7 5. e4 d6 6. Nge2 Be6 7. d3 Qd7 8. Nd5
Nce7 9. Be3 c6 10. Nxe7 Nxe7 11. Qd2 Bh3 12. Bxh3 Qxh3 13. O-O-O Qe6 14. Bh6
Bxh6 15. Qxh6 O-O-O 16. Qe3 Kb8 17. Kb1 d5 18. b3 Rd7 19. Rhe1 Rhd8 20. Kc2 Qd6
21. exd5 cxd5 22. f4 Nf5 23. Qc1 d4 24. fxe5 Qxe5 25. Kb1 Qa5 26. Qd2 Qxd2 27.
Rxd2 Re7 28. Rf1 Rde8 29. Rf2 h5 30. Nf4 Re1+ 31. Kb2 Ne3 32. Rfe2 Rxe2 33.
Nxe2 Nf1 34. Rc2 Nxh2 35. Nxd4 Ng4 36. Re2 Rxe2+ 37. Nxe2 g5 38. Ng1 Nf2 39.
Kc3 h4 40. gxh4 gxh4 41. Kd4 h3 42. Nf3 Ng4 43. b4 Kc7 44. Ke4 h2 45. Nxh2 Nxh2
46. Ke5 Nf3+ 0-1

[Event "Championnat de Paris Open A"]
[Site "Paris"]
[Date "2012.07.14"]
[Round "8.20"]
[White "Gros, Alexandre"]
[Black "Anes, Emmanuel"]
[Result "1/2-1/2"]
[WhiteElo "1988"]
[BlackElo "2125"]
[PlyCount "63"]

1. Nf3 g6 2. g3 Bg7 3. Bg2 d6 4. d4 Nf6 5. O-O O-O 6. a4 a5 7. Nc3 Nbd7 8. e4
e5 9. Re1 c6 10. dxe5 dxe5 11. b3 Re8 12. Ba3 Qb6 13. Nd2 Nc5 14. Nc4 Qa7 15.
Qd6 Ne6 16. Rad1 Ng4 17. Rf1 Bf8 18. Qd2 Bxa3 19. Nxa3 Rd8 20. Qc1 Rxd1 21.
Qxd1 Ne3 22. Ncb5 cxb5 23. fxe3 Qxe3+ 24. Kh1 bxa4 25. Nc4 Qd4 26. Qf3 Ng5 27.
Qf6 h6 28. h4 Ra6 29. Qe7 Re6 30. Qc7 Rc6 31. Qe7 Re6 32. Qc7 1/2-1/2

[Event "Championnat de Paris Open A"]
[Site "Paris"]
[Date "2012.07.14"]
[Round "8.21"]
[White "Gidel, Jean-Louis"]
[Black "Bensaid, Alexandre"]
[Result "1-0"]
[WhiteElo "2101"]
[BlackElo "1974"]
[PlyCount "73"]

1. c4 b6 2. Nc3 Bb7 3. e4 c5 4. Nge2 d6 5. d3 e6 6. g3 Nf6 7. Bg2 Nbd7 8. O-O
a6 9. a3 Qc7 10. b4 Be7 11. Rb1 Rb8 12. h3 O-O 13. Be3 Rfd8 14. f4 Nf8 15. Qb3
N6d7 16. g4 h6 17. Bf2 g5 18. Bg3 Ng6 19. Qd1 Bf6 20. Qe1 Kg7 21. Rb3 Ba8 22.
Kh2 Rf8 23. Qf2 Bb7 24. Nb1 Rbd8 25. Nd2 Rc8 26. Nf3 Qd8 27. fxg5 hxg5 28. Bxd6
Be7 29. Bxe7 Qxe7 30. Ng3 Nf4 31. Qb2+ Kg6 32. Qd2 Rh8 33. Ne2 e5 34. Nxf4+
gxf4 35. Qf2 Nf6 36. Kg1 Qd7 37. Nxe5+ 1-0